Urdu Rasmul Khat Aur Taba`t (Record no. 5435)

MARC details
000 -LEADER
fixed length control field 00586nam a2200241 a 4500
020 ## - INTERNATIONAL STANDARD BOOK NUMBER
ISBN
082 00 - DEWEY DECIMAL CLASSIFICATION NUMBER
Classification number 491.439
Author Cutter SHE
100 ## - MAIN ENTRY--AUTHOR NAME
Author name Sherwani, Haroon Khan
245 ## - TITLE STATEMENT
Title Urdu Rasmul Khat Aur Taba`t
260 ## - PUBLICATION, DISTRIBUTION, ETC. (IMPRINT)
Place of publication Hyderabad
Name of publisher Muhtamim Matbuat
Year of publication 1957
300 ## - PHYSICAL DESCRIPTION
Number of Pages 83p
500 ## - GENERAL NOTE
General note includes index and biblioraphy
505 2# - FORMATTED CONTENTS NOTE
Formatted contents note Index
650 ## - SUBJECT ADDED ENTRY--TOPICAL TERM
Topical Term Urdu-Coursr Book
942 ## - ADDED ENTRY ELEMENTS (KOHA)
Koha item type Books
700 1# -
-- Sherwani, Haroon Khan
Holdings
Collection code Home library Current library Date acquired Cost, normal purchase price Full call number Accession Number Koha item type
  Henry Martyn Institute Library Henry Martyn Institute Library 02/06/2008 3.00 491.439 SHE 05965 Books
                   Copyright © 2026 | Henry Martyn Institute | Hyderabad | TS-500052 | INDIA | Implemented by hmi.edu.in
Hit-Count:

Powered by Koha